MARC

LEADER 00000nam0a2200000 4500
001 35615
005 20231101210321.0
010 |a 5217001666 
035 |a (RuTPU)RU\TPU\book\36052 
090 |a 35615 
100 |a 20011210d1988 k y0rusy50 ca 
101 0 |a rus 
102 |a RU 
105 |a y z 000zy 
200 1 |a Промышленные роботы агрегатно-модульного типа  |f Е. И. Воробьев, Ю. Г. Козырев, В. И. Царенко 
210 |a Москва  |c Машиностроение  |d 1988 
215 |a 239 с. 
225 1 |a Автоматические манипуляторы и робототехнические системы 
606 1 |a Роботы промышленные  |x Конструкция и расчет  |2 stltpush  |3 (RuTPU)RU\TPU\subj\25310  |9 49506 
610 1 |a конструирование 
610 1 |a расчеты 
610 1 |a проектирование 
610 1 |a алгоритмы управления 
675 |a 621.865.8.001  |v 3 
700 1 |a Воробьев  |b Е. И.  |g Евгений Иванович 
701 1 |a Козырев  |b Ю. Г.  |g Юрий Георгиевич 
701 1 |a Царенко  |b В. И.  |g Виталий Ильич 
801 0 |a RU  |b 63413507  |c 20011210  |g PSBO 
801 2 |a RU  |b 63413507  |c 20230126  |g PSBO 
900 |a Проектирование робототехнических комплексов 
900 |a Проектирование мехатронных систем 
942 |c BK